| 000 | 01284 a2200361 4500 | ||
|---|---|---|---|
| 003 | Nust | ||
| 005 | 20170207154052.0 | ||
| 010 | _a 2006938666 | ||
| 020 | _a0387682813 (acid-free paper) | ||
| 020 | _a0387682821 (e-ISBN) | ||
| 020 | _a9780387682815 (acid-free paper) | ||
| 020 | _a9780387682822 (e-ISBN) | ||
| 035 | _a(OCoLC)ocn141385221 | ||
| 040 | _cNust | ||
| 082 | 0 | 0 | _a519.542 |
| 100 | 1 | _aJensen, Finn V. | |
| 245 | 1 | 0 |
_aBayesian networks and decision graphs / _cFinn V. Jensen, Thomas D. Nielsen. |
| 250 | _a2nd ed. | ||
| 260 |
_aNew York : _bSpringer, _cc2007 |
||
| 300 |
_axvi, 447 p. : _bill. ; _c25 cm. |
||
| 440 | 0 | _aInformation science and statistics | |
| 650 | 0 | _aApprentissage automatique. | |
| 650 | 0 |
_aBayesian statistical decision theory _xData processing. |
|
| 650 | 0 | _aDecision making. | |
| 650 | 0 | _aMachine learning. | |
| 650 | 0 | _aNeural networks (Computer science) | |
| 650 | 0 | _aPrise de d⥣ision. | |
| 650 | 0 | _aR⥳eaux neuronaux (Informatique) | |
| 650 | 0 |
_aStatistique bay⥳ienne _xInformatique. |
|
| 700 | 1 | _aNielsen, Thomas Dyhre. | |
| 856 | 4 | 2 |
_3Publisher description _uhttp://www.loc.gov/catdir/enhancements/fy0823/2006938666-d.html |
| 856 | 4 | 2 |
_3Table of contents only _uhttp://www.loc.gov/catdir/enhancements/fy0823/2006938666-t.html |
| 942 |
_2ddc _cBK |
||
| 999 |
_c193167 _d193167 |
||